| 000 | 01526cam a2200385 i 4500 | ||
|---|---|---|---|
| 001 | 20638 | ||
| 003 | Mx-PuUPA | ||
| 005 | 20251119115441.0 | ||
| 008 | 140415s2019 mx gr 000 0 spa d | ||
| 020 | _a9786079380915 | ||
| 040 |
_cMx-PuUPA _aMx-PuUPA _bspa _dMx-PuUPA _erda |
||
| 041 | 1 |
_aspa _heng |
|
| 100 | 1 |
_aKotler, Philip, 1931- _d1931- _eautor _96752 |
|
| 240 | 1 | 0 |
_aMarketing 4.0. _lEspañol |
| 245 | 1 | 0 |
_aMarketing 4.0. / _cPhilip Kotler, Hermawan Kartajaya e Iwan Setiawan ; traducción, María de Ancos |
| 250 | _aPrimera edición | ||
| 264 | 1 |
_aMéxico, Ciudad de México : _bLID Editorial Mexicana, _c2019 |
|
| 300 |
_a199 páginas : _bdiagramas ; _c23 cm |
||
| 336 |
_2rdacontent _atexto _btxt |
||
| 337 |
_2rdamedia _asin medio _bn |
||
| 338 |
_2rdacarrier _avolumen _bnc |
||
| 490 | 0 | _aColección Acción Empresarial | |
| 500 | _aReimpresiones: (Sexta, agosto de 2024). | ||
| 650 | 7 |
_2armarc _aMercadeo en internet |
|
| 650 | 7 |
_2armarc _aMercadeo |
|
| 700 | 1 |
_aKartajaya, Hermawan, _eautor |
|
| 700 | 1 |
_aSetiawan,Iwan e, _eautor |
|
| 700 | 1 |
_aAncos, María de, _etraductor |
|
| 765 | 0 |
_aKotler, Philip, 1931- _tMarketing 4.0. / |
|
| 942 |
_2ddc _cLI _h658.8 _iK8818 |
||
| 999 |
_c20638 _d20638 |
||